RES : (Record no. 214980)

MARC details
000 -CABECERA
campo de control de longitud fija 01504nas a2200277 a 4500
005 - FECHA Y HORA DE LA ÚLTIMA TRANSACCIÓN
campo de control 20260417142233.0
006 - ELEMENTOS DE LONGITUD FIJA – CARACTERÍSTICAS DE MATERIALES ADICIONALES – INFORMACIÓN GENERAL
campo de control de longitud fija s|||||o|||| 00| 0
008 - ELEMENTOS DE LONGITUD FIJA--INFORMACIÓN GENERAL
campo de control de longitud fija 991125c2001 sp tr poo 000 spa d
003 - IDENTIFICADOR DEL NÚMERO DE CONTROL
campo de control
022 ## - NÚMERO INTERNACIONAL NORMALIZADO PARA PUBLICACIONES SERIADAS
Número Internacional Normalizado para Publicaciones Seriadas 1578-2824
035 ## - NÚMERO DE CONTROL DEL SISTEMA
Número de control de sistema UPN01000211561
040 ## - FUENTE DE LA CATALOGACIÓN
Centro catalogador/agencia de origen MX-MxUPN
Lengua de catalogación spa
Centro/agencia transcriptor MX-MxUPN
Normas de descripción aacr2
049 ## - COLECCIÓN
Colección REV-E
245 00 - MENCIÓN DE TÍTULO
Título RES :
Resto del título revista española de sociología
Medio [recurso electrónico en línea]
260 ## - PUBLICACIÓN, DISTRIBUCIÓN, ETC.
Lugar de publicación, distribución, etc. Madrid :
Nombre del editor, distribuidor, etc. Federación Española de Sociología,
Fecha de publicación, distribución, etc. 2001 -
310 ## - FRECUENCIA ACTUAL DE LA PUBLICACION
Periodicidad actual Cuatrimestral
506 0# - NOTA DE RESTRICCIONES AL ACCESO
Limitaciones de acceso Acceso abierto
510 0# - NOTA DE CITAS O REFERENCIAS BIBLIOGRÁFICAS
Nombre de la fuente Fuente Académica, InDICEs-CSIC, International Bibliography of the Social Sciences, Latindex-Catálogo, Latindex-Directorio, MIAR .Scopus, Social Services Abstracts, Sociological Abstracts, Worldwide Political Science Abstracts
520 ## - NOTA DE RESUMEN, ETC.
Sumario, etc. "Las áreas cubiertas por la RES incluyen todos los aspectos científicos de especial relevancia relacionados con el estudio sociológico de la situación actual y del cambio de las estructuras e instituciones sociales, así como de las prácticas, comportamientos y procesos que configuran la realidad social. La RES dedica una especial atención a los estudios comparativos sobre las problemáticas que afectan a las sociedades de España, Latinoamérica y los países del Sur de Europa."
Fuente proveedora RES
650 #4 - ASIENTO SECUNDARIO DE MATERIA - TERMINO TEMATICO
Término de materia o nombre geográfico como elemento de entrada Sociología
9 (RLIN) 5756
650 #4 - ASIENTO SECUNDARIO DE MATERIA - TERMINO TEMATICO
Término de materia o nombre geográfico como elemento de entrada Ciencias sociales
9 (RLIN) 9133
856 4# - LOCALIZACIÓN Y ACCESO ELECTRÓNICOS
Identificador Uniforme del Recurso <a href="https://recyt.fecyt.es/index.php/res/index">https://recyt.fecyt.es/index.php/res/index</a>
902 ## - ELEMENTOS DE DATOS B LOCAL, LDB (RLIN)
Creó Leonor Sotres/170426
905 ## - TIPO DE MATERIAL
Tipo de material Revista
942 ## - ELEMENTOS DE PUNTO DE ACCESO ADICIONAL (KOHA)
Tipo de ítem Koha Revista Electrónica
Holdings
Estado de retiro Estado de pérdida Estado dañado No para préstamo Código de colección Localización permanente Ubicación/localización actual Ubicación en estantería Fecha de adquisición Total de préstamos Fecha visto por última vez Identificador Uniforme del Recurso Precio válido a partir de Tipo de ítem Koha
        Acceso abierto Bib. Gregorio Torres Quintero Bib. Gregorio Torres Quintero En línea 17/04/2026   17/04/2026 https://recyt.fecyt.es/index.php/res/index 17/04/2026 Revista Electrónica